000 01306nam0a22002891 4500
001 rc\1414657
005 20260406013404.0
035 _a(NLR Aleph) 005282933
090 _a6116447
_c6116447
100 _a20060512d1880 |||y0rusy50 ca
101 0 _arus
102 _aRU
105 _ay z |||a|
200 1 _aВ крови горит огонь желанья!
_e(The fickle husbands)
_eКомедия с куплетами в 2 карт.
_fПеределка с англ. К. Нарского (К.А. Тарновского)
_gМузыка аранжир. Соколовым
210 _aМосква
_cлит. С.Ф. Рассохина
_dценз. 1880
215 _a80 с.
_d23
300 _aНа обл.: № 27
309 _aНаписано от руки. Литогр.
700 1 _8rus
_7ca
_aТарновский
_bК. А.
_f1826-1892
_gКонстантин Августович
_3RU\NLR\AUTH\7752406
_935339
702 1 _4230
_8rus
_7ca
_aСоколов
_bН. А.
_cкомпозитор
_f1859-1922
_gНиколай Александрович
_3RU\NLR\AUTH\77118865
_9101790
801 0 _aRU
_bNLR
_c20060512
_gpsbo
801 0 _aRU
_bRuMoRGB
_c20060512
_2psbo
801 1 _aRU
_bProSoft-M
_c20060512
_2rusmarc
801 2 _aRU
_bNLR
_c20130201
_2rusmarc
852 _aNLR
_j18.224.6.199
942 _cBOOK
980 _aNB